Управление параметрами пространственных фильтров в оптико-цифровых системах обработки изображений; Пространственно-временные модуляторы света для оптической обработки информации

Bibliografiske detaljer
Parent link:Пространственно-временные модуляторы света для оптической обработки информации.— 1987.— С. 113-122
Hovedforfatter: Иванченков В. П. Виктор Павлович
Andre forfattere: Орлов О. В. Олег Викторович
Sprog:russisk
Udgivet: 1987
Fag:
Format: Book Chapter
KOHA link:https://koha.lib.tpu.ru/cgi-bin/koha/opac-detail.pl?biblionumber=594103

MARC

LEADER 00000naa0a2200000 4500
001 594103
005 20250131130027.0
035 |a (RuTPU)RU\TPU\tpu\8275 
035 |a RU\TPU\tpu\8274 
090 |a 594103 
100 |a 20020326d1987 k y0rusy50 ca 
101 0 |a rus 
102 |a RU 
200 1 |a Управление параметрами пространственных фильтров в оптико-цифровых системах обработки изображений  |f В. П. Иванченков, О. В. Орлов 
463 |t Пространственно-временные модуляторы света для оптической обработки информации  |v С. 113-122  |d 1987 
610 1 |a труды учёных ТПУ 
700 1 |a Иванченков  |b В. П.  |c кандидат технических наук  |c АВТФ  |c УНПК "Кибернетика"  |f 1939-  |g Виктор Павлович  |3 (RuTPU)RU\TPU\pers\2009 
701 1 |a Орлов  |b О. В.  |c АВТФ  |f 1955-  |g Олег Викторович  |3 (RuTPU)RU\TPU\pers\2039 
801 1 |a RU  |b 63413507  |c 20020325  |g PSBO 
801 2 |a RU  |b 63413507  |c 20220112  |g PSBO 
942 |c BK